La huerta educativa : taller en acción /

Guardado en:
Autor Principal: Andersson, Adriana Victoria
Otros Autores: Coppa, Graciela M., Schusterman, Edith L., Díaz, Claudia M.
Formato: Libro
Publicado: Buenos Aires : Actilibro, 1996
Series:Colección del taller
Materias:
Etiquetas: Agregar Etiqueta
Sin Etiquetas, Sea el primero en etiquetar este registro!
LEADER 00908nam a22002775a 4500
001 CEM.cems010456
005 20080515131904.0
008 130507s1996##################000#0#####d
003 CEMS
020 |a 9509658367 
082 0 4 |a 372.21 
100 1 |a Andersson, Adriana Victoria 
245 1 0 |a La huerta educativa :  |b taller en acción /  |c Dirigida Por Adriana Victoria Andersson ; graciela M. Coppa, Edith L. Schusterman, Claudia M. Díaz 
260 |a Buenos Aires :  |b Actilibro,  |c 1996 
300 |a 208 p. 
490 0 |a Colección del taller 
500 |a Para nivel incial 
653 |a Educación 
653 |a Nivel incial 
653 |a Nivel inicial-talleres 
653 |a Nivel inicial-juego 
653 |a Nivel inicial-aprendizaje 
700 1 |a Coppa, Graciela M. 
700 1 |a Schusterman, Edith L. 
700 1 |a Díaz, Claudia M. 
859 |a CEMS  |b BIB. CEMS - 11 de abril  |h 372.21  |i An23-3  |p 21009.00  |t Ej.1